00354nam a22001217a 450000500170000000800410001702000150005804000130007308200230008624500710010926000440018030000080022420180223120610.0180223b xxu||||| |||| 00| 0 eng d a0116304154 cPK-LaUMT aPKAC 323.445bDIS- aDisclosure of official information: a report on overseas practice/ aLondon:bCivil Service Departmentc1979 a149